| 000 | 00752nam a22002177a 4500 | ||
|---|---|---|---|
| 999 |
_c8836 _d8836 |
||
| 003 | AR-CdUCM | ||
| 008 | 190326b ||||| |||| 00| 0 spa d | ||
| 040 |
_aMUNICIPALIDAD PROVINCIAL DEL CUSCO _cBIBLIOTECA MUNICIPAL DEL CUSCO |
||
| 082 |
_a738 / _bT75 |
||
| 245 | _aDel trabajo y arte del selvicola / | ||
| 260 |
_aLima : _bInstituto linguistico del verano, _c1971. |
||
| 300 |
_a151 paginas ; _c26 cm. |
||
| 505 | _aContenido :Vestuario adornos maquillaje --Alimentación --Casas y su construcción --Transportación por vía --Artesanía / | ||
| 650 |
_aArte _9561 |
||
| 650 |
_aPintura _93081 |
||
| 650 |
_aConstrucción _94996 |
||
| 700 |
_aElsie M. Hartog _924607 |
||
| 700 |
_aMary Mllhagen _924608 |
||
| 942 |
_2ddc _cLIBROS |
||
| 945 | _arjall | ||